| 000 | 00739nam a22002177a 4500 | ||
|---|---|---|---|
| 008 | 240620b mp ||||| |||| 00| 0 mon d | ||
| 035 | _a3831 | ||
| 040 |
_aUM0146080 _bmon _cMN-UlNLM _dMN-UlNLM _erda |
||
| 041 | _amon | ||
| 042 | _a7601 | ||
| 084 |
_2NNA _a82.3/3/ _bК606 |
||
| 100 | _aКоллоди К. | ||
| 245 | 0 | _aПиноккиогийн адал явдал | |
| 264 |
_aУлаанбаатар _bСүхбаатарын нэрэмжит хэвлэлийн комбинат _c1965 |
||
| 300 | _a171х. | ||
| 336 |
_2rdacontent _atext _btxt |
||
| 337 |
_2rdamedia _aunmediated _bn |
||
| 338 |
_2rdacarrier _avolume _bnc |
||
| 650 | _aмодон хүүхэлдэй, буратино, хар зурагтай | ||
| 942 |
_2NNA _cBK |
||
| 999 |
_c1007880 _d1007937 |
||